Biggest Cities in Andalusia on a Map - Statistics

General Stats
  • This quiz has been taken 261 times
  • The average score is 12 of 20
Answers on the Map
Answers color-coded by a green-red scale on the quiz's map according to % correct below.
 
Answer Stats
Population City % Correct
688,592 Sevilla
99%
574,654 Málaga
95%
232,462 Granada
92%
325,701 Córdoba
87%
116,027 Cádiz
85%
198,533 Almería
72%
112,999 Jaén
70%
143,386 Marbella
69%
143,663 Huelva
68%
212,749 Jerez de la Frontera
65%
121,957 Algeciras
55%
133,968 Dos Hermanas
53%
94,979 San Fernando
41%
80,309 Fuengirola
40%
96,800 Roquetas de Mar
39%
84,489 Chiclana de la Frontera
36%
83,594 El Ejido
35%
88,405 El Puerto de Santa María
35%
81,643 Vélez-Málaga
35%
82,742 Mijas
30%
No matching quizzes found
Score Distribution
Percent of People with Each Score
Percentile by Number Answered
Your Score History
You have not taken this quiz